Metabolické zmeny v patologickom mozgu potkanov. In vivo 1H MR spektroskopia – analýza spektroskopických dát pomocou programu jMRUI
Uložené v:
| Hlavný autor: | |
|---|---|
| Ďalší autori: | |
| Médium: | Rukopis Kniha |
| Jazyk: | Slovak |
| Vydavateľské údaje: |
2017
|
| Predmet: | |
| On-line prístup: | http://is.stuba.sk/zp/portal_zp.pl?podrobnosti=118582 |
| Tagy: |
Žiadne tagy, Buďte prvý, kto otaguje tento záznam!
|
MARC
| LEADER | 00000ntm a22000003a 4500 | ||
|---|---|---|---|
| 001 | stuzp61109 | ||
| 003 | SK-STU | ||
| 005 | 20170715210523.4 | ||
| 007 | ta | ||
| 008 | 150427s2015----xo-----f-mn---000-0-slo-d | ||
| 040 | |a STU |b slo | ||
| 041 | 0 | |a slo | |
| 100 | 1 | |a Nemec, Marek |u 040630 |4 aut |U FCHPT Fakulta chemickej a potravinárskej technológie |T FCHPT Centrálne laboratóriá FCHPT |X 76421 |U C0630 |Y 687 |7 76421 | |
| 242 | 0 | 1 | |a Metabolic changes in pathological rat brain. In vivo 1H MR spectroscopy - analysis of spectroscopic data with jMRUI program |y eng |
| 245 | 1 | 0 | |a Metabolické zmeny v patologickom mozgu potkanov. In vivo 1H MR spektroskopia – analýza spektroskopických dát pomocou programu jMRUI |
| 260 | |c 2017 | ||
| 650 | 4 | |a in vivo 1H MRS |2 slo | |
| 650 | 4 | |a neurodegenerácia |2 slo | |
| 650 | 4 | |a animálne modely |2 slo | |
| 650 | 4 | |a kvantifikácia metabolitov |2 slo | |
| 650 | 4 | |a jMRUI |2 slo | |
| 650 | 4 | |a LCModel |2 slo | |
| 650 | 4 | |a D-galaktóza |2 slo | |
| 650 | 4 | |a in vivo 1H MRS |2 eng | |
| 650 | 4 | |a neurodegeneration |2 eng | |
| 650 | 4 | |a animal models |2 eng | |
| 650 | 4 | |a metabolites quantification |2 eng | |
| 650 | 4 | |a jMRUI |2 eng | |
| 650 | 4 | |a LCModel |2 eng | |
| 650 | 4 | |a D-galactose |2 eng | |
| 700 | 1 | |a Kašparová, Svatava |u 040630 |k Z2 |4 ths |U FCHPT Fakulta chemickej a potravinárskej technológie |T FCHPT Centrálne laboratóriá FCHPT |X 3873 |U C0630 |Y 687 |7 A000003873 | |
| 856 | 4 | |u http://is.stuba.sk/zp/portal_zp.pl?podrobnosti=118582 | |